Statystyki dla Największe miasta w Polsce na literę A

Kliknij tutaj aby rozwiązać quiz!

Ogólne statystyki

  • Ten quiz został rozwiązany 857 razy
  • Średni wynik to 3 z 5

Statystyki odpowiedzi

Rank.Liczba mieszańcówWojewództwoMiasto% Poprawnych
1.30.153podlaskieAugustów
89%
3.20.016małopolskieAndrychów
69%
2.21.739łódzkieAleksandrów Łódzki
65%
4.12.102kujawsko-pomorskieAleksandrów Kujawski
54%
5.3.344małopolskieAlwernia
34%

Rozkład punktacji

Percentyl według liczby udzielonych odpowiedzi

Procent ludzi z każdym wynikiem

Twoja historia wyników

Nie rozwiązałeś tego quizu